000 00479cam a2200181ua 4500
001 5483
008 121031n ii |||gr||||Z||||||eng
020 _a978-81-269-1338-1
040 _cMAIN
082 _a338.9
100 1 _aGupta, K.R.,
_eAuthor.
245 1 1 _aEconomic growth models
_cby K.R. Gupta
260 _aNew Delhi:
_bAtlantic publishers and distributors(p) ltd.,
_c2010.
300 _avi, 306p.
653 _aEconomics
653 _aEconomic development
942 _cBK
999 _c4662
_d4662